000 00450cam a22001457a 4500
008 180718b2004 xxu||||| |||| 00| 0 eng d
020 _a8186976337
082 _aT211 T43
100 _aTiku, H.L.
245 _aSeth & Capoor's commentary on the prevention of food adulteration act, 1954 and central & state rules with orders
_cby H.L. Tiku
250 _a4th ed.
260 _aDelhi
_bDelhi Haw
_c2004
300 _a1480p.
650 _aFood industries
999 _c404375
_d404375